000
00308nam a22001337a 4500
003
SGT
082
_a
615.5
_b
D16A
100
_a
ALLEN, J.HENRY
245
_a
DISEASES AND HOMOEOPATHY THERAPEUTICS OFTHE SKIN
260
_a
INDIA
_b
B.JAIN PUB
_c
2016
300
_a
331
650
_a
HOMOEOPATHIC
942
_2
ddc
_c
BK
999
_c
20430
_d
20430